Driving force / (Record no. 831)

MARC details
000 -LEADER
fixed length control field 00480fam a2200193 a 4500
005 - DATE AND TIME OF LATEST TRANSACTION
control field 20260322212036.0
008 - FIXED-LENGTH DATA ELEMENTS--GENERAL INFORMATION
fixed length control field data
010 ## - LIBRARY OF CONGRESS CONTROL NUMBER
LC control number 92022793
020 ## - INTERNATIONAL STANDARD BOOK NUMBER
International Standard Book Number 0399137769 (acidfree paper)
020 ## - INTERNATIONAL STANDARD BOOK NUMBER
International Standard Book Number 978-0399137761 (acid-free paper)
040 ## - CATALOGING SOURCE
Original cataloging agency DLC
Transcribing agency DLC
Modifying agency CtY
050 00 - LIBRARY OF CONGRESS CALL NUMBER
Classification number PR6056.R27
Item number D74 1992
099 ## - LOCAL FREE-TEXT CALL NUMBER (OCLC)
Classification number FRANCD
001 - CONTROL NUMBER
control field data
100 1# - MAIN ENTRY--PERSONAL NAME
Personal name Francis, Dick.
245 10 - TITLE STATEMENT
Title Driving force /
Statement of responsibility, etc. Dick Francis.
260 ## - PUBLICATION, DISTRIBUTION, ETC.
Place of publication, distribution, etc. New York :
Name of publisher, distributor, etc. Putnam,
Date of publication, distribution, etc. c1992.
300 ## - PHYSICAL DESCRIPTION
Extent 318 p. ;
Dimensions 24 cm.
Holdings
Withdrawn status Lost status Damaged status Not for loan Home library Current library Shelving location Date acquired Total checkouts Full call number Barcode Date last seen Price effective from Koha item type
        Centerville Centerville General stacks 22/03/2026   PR6056.R27 D74 1992 BC0010855 22/03/2026 22/03/2026 Books